| 000 | 00713nam a22002537a 4500 | ||
|---|---|---|---|
| 003 | OSt | ||
| 008 | 260324b |||||||| |||| 00| 0 eng d | ||
| 020 | _a9789353878009 | ||
| 082 |
_a578.76076 _bD48M |
||
| 245 |
_aMCQ on Aquatic Environment / _ced by S. Subhashree Devasena...[et al.] |
||
| 260 |
_a.- Delhi _b: Satish Serial Publishing House _c, 2026 |
||
| 300 | _avii,124p. | ||
| 650 | _aPure Sciences | ||
| 650 | _aBiology | ||
| 650 | _aAquatic Environment | ||
| 650 | _aQuestions and Answers | ||
| 700 | _aDevasena, S. Subhashree. | ||
| 700 | _aPadmavathy, P. | ||
| 700 | _aRani, V. | ||
| 700 | _aManimekalai, D. | ||
| 700 | _aRamesh, P. | ||
| 700 | _aChandravanshi, Sanjay. | ||
| 942 |
_2ddc _cBK |
||
| 999 |
_c49978 _d49978 |
||